Normal view
MARC view
- Nanorobotics
Entry Topical Term
001 - CONTROL NUMBER
- control field: 25992
003 - CONTROL NUMBER IDENTIFIER
- control field: OSt
005 - DATE AND TIME OF LATEST TRANSACTION
- control field: 20110825121418.0
008 - FIXED-LENGTH DATA ELEMENTS
- fixed length control field: 110825|||a|||||| | ||| d
040 ## - CATALOGING SOURCE
- Original cataloging agency: OSt
- Transcribing agency: OSt
150 ## - HEADING--TOPICAL TERM
- Topical term or geographic name as entry element: Nanorobotics
670 ## - SOURCE DATA FOUND
- Source citation: Work cat.: (OSt): Saloman, Patrick 25989, A handbook on nanochemistry, 2010
670 ## - SOURCE DATA FOUND
- Source citation: Work cat.: (OSt): Saloman, Patrick 25989, A handbook on nanochemistry, 2010
